Statistics for The Who Songs

Click here to take the quiz!

General Stats

  • This quiz has been taken 385 times
  • The average score is 40 of 155

Answer Stats

AlbumAnswer% Correct
| 1My Generation
95%
Pinball Wizard
83%
8Who Are You?
81%
Who Are You
81%
Baba O'Riley
75%
4Tommy
75%
Won't Get Fooled Again
75%
Behind Blue Eye
73%
I Can See For Miles
63%
2A Quick One
62%
Love, Reign o'er Me
62%
5:15
58%
| 6Quadrophenia
56%
Boris the Spider
55%
Overture
54%
You
51%
Squeeze Box
49%
Bargain
47%
My Wife
47%
The Kids Are Alright
47%
The Real Me
46%
1921
45%
You Better You Bet
44%
I'm Free
43%
It's A Boy!
43%
The Acid Queen
43%
We're Not Gonna Take It
43%
Cousin Kevin
42%
Eminence Front
42%
The Punk and the Godfather
41%
Underture
41%
| 10It's Hard
40%
Bell Boy
39%
Going Mobile
39%
Christmas
38%
Tommy Can You Hear Me?
38%
Amazing Journey
37%
Go to the Mirror!
36%
Tommy's Holiday Camp
36%
| 11Endless Wire
35%
Sally Simpson
35%
Getting in Tune
34%
The Ox
34%
Doctor Jimmy
33%
Sparks
33%
Athena
32%
Heinz Baked Beans
32%
Smash the Mirror
32%
The Song is Over
31%
A Quick One, While He's Away
30%
Armenia City in the Sky
30%
Cut My Hair
30%
The Rock
30%
I'm One
28%
Odorono
28%
Sister Disco
28%
Slip Kid
28%
Love Ain't For Keeping
27%
I Am the Sea
26%
There's a Doctor
26%
9Face Dances
25%
Do You Think It's Alright?
24%
Miracle Cure
24%
Sea and Sand
24%
Tattoo
24%
Welcome
24%
A Legal Matter
23%
Drowned
23%
I've Had Enough
23%
The Dirty Jobs
23%
Mary Anne With the Shaky Hand
22%
Sensation
22%
The Hawker
22%
Cobwebs and Strange
21%
So Sad About Us
21%
905
19%
Helpless Dancer
19%
5Who's Next
19%
Run, Run, Run
18%
Had Enough
17%
La-La-La-Lies
17%
Our Love Was
17%
Sunrise
17%
Whiskey Man
17%
However Much I Booze
16%
Don't Let Go the Coat
15%
Dreaming from the Waist
15%
Heat Wave
15%
I Need You
15%
Medac
15%
Music Must Change
15%
New Song
15%
Silas Stingy
15%
Success Story
15%
I Can't Reach You
14%
Is It in My Head?
14%
Out in the Street
14%
Relax
14%
I'm A Man
13%
Trick of the Light
13%
Blue, Red, and Gray
12%
How Many Friends
12%
See My Way
12%
Another Tricky Day
11%
Love is Coming Down
10%
The Good's Gone
10%
The Quiet One
10%
3The Who Sell Out
10%
Cache Cache
9%
Fiddle Around
9%
Imagine a Man
9%
Please, Please, Please
9%
7The Who by Numbers
9%
Fragments
8%
It's Not True
8%
I've Known No War
8%
Much Too Much
8%
They Are All in Love
8%
Did You Steal My Money
7%
Don't Look Away
7%
I Don't Mind
7%
Mike Post Theme
7%
Rael (1 and 2)
7%
A Man in a Purple Dress
6%
A Man Is a Man
6%
Black Widow's Eyes
6%
Dangerous
6%
Fragments of Fragments
6%
In a Hand or a Face
6%
In the Ether
6%
Cooks County
5%
Cry If You Want
5%
How Can You Do It Alone
5%
One at a Time
5%
We Got a Hit
5%
Why Did I Fall for That
5%
Daily Records
4%
It's Your Turn
4%
One Life's Enough
4%
Tea & Theatre
4%
You Stand by Me
4%
Guitar an Pen
3%
It's Not Enough
3%
Mirror Door
3%
God Speaks of Marty Robbins
2%
Sound Round
2%
Trilby's Piano
2%
Pick up the Peace
1%
They Made My Dream Come True
1%
Unholy Trinity
1%
Two Thousand Eyes
0%

Score Distribution

Percentile by Number Answered

Percent of People with Each Score

Your Score History

You have not taken this quiz